Industrial and Business Management (Record no. 2772)

MARC details
000 -LEADER
fixed length control field 00418nam a22001697a 4500
005 - DATE AND TIME OF LATEST TRANSACTION
control field 20160615124246.0
008 - FIXED-LENGTH DATA ELEMENTS--GENERAL INFORMATION
fixed length control field 160615b xxu||||| |||| 00| 0 eng d
020 ## - INTERNATIONAL STANDARD BOOK NUMBER
ISBN 81-219-2056-6
041 ## - LANGUAGE CODE
Language code of text/sound track or separate title eng
082 ## - DEWEY DECIMAL CLASSIFICATION NUMBER
Item number 7753
100 ## - MAIN ENTRY--AUTHOR NAME
Personal name Telsong, Martand T
245 ## - TITLE STATEMENT
Title Industrial and Business Management
260 ## - PUBLICATION, DISTRIBUTION, ETC. (IMPRINT)
Place of publication New Delhi
Name of publisher Sultan Chand & Sons,
300 ## - PHYSICAL DESCRIPTION
Number of Pages 764
650 ## - SUBJECT ADDED ENTRY--TOPICAL TERM
Topical Term Management
942 ## - ADDED ENTRY ELEMENTS (KOHA)
Koha item type Books
Holdings
Lost status Damaged status Home library Current library Shelving location Date acquired Cost, normal purchase price Full call number Accession Number Koha item type Collection code
    JRU Library   WR- 1 J 15/06/2016 275.00 650 7753 Books  
    JRU Library JRU Library SHELF-36-H 15/06/2016 275.00 650 7754 Books MANAGEMENT
    JRU Library JRU Library SHELF-72-E 15/06/2016 275.00 650 7755 Books MANAGEMENT
    JRU Library JRU Library SHELF-72-E 15/06/2016 275.00 650 7756 Books MANAGEMENT